000 01043cam a2200289 a 4500
005 20260322212028.0
008 data
010 _a 2008046781
020 _a9780737743487 (hardcover)
020 _a0737743484
040 _aDLC
_cDLC
_dDLC
050 0 0 _aRC454.4
_b.M462 2009
082 0 0 _a616.89
_222
092 _a616.89 M462 2009
245 0 0 _aMental illness /
_cedited by Lorraine Savage.
260 _aDetroit :
_bGreenhaven Press,
_cc2009.
300 _a112 p. :
_bcol. ill. ;
_c24 cm.
490 0 _aIssues that concern you
504 _aIncludes bibliographical references (p. 105-107) and index.
650 0 _aMental illness.
650 0 _aPsychology, Pathological.
700 1 _aSavage, Lorraine.
906 _a7
_bcbc
_corignew
_d1
_eecip
_f20
_gy-gencatlg
925 0 _aacquire
_b2 shelf copies
_xpolicy default
955 _exh11 2008-11-04 to Dewey
_frc17 2009-07-31 CIP ver. to BCCD (telework)
001 data
999 _c641
_d641